Black Rose. (Record no. 1338023)

MARC details
000 -LEADER
fixed length control field 00415nam a2200181Ia 4500
008 - FIXED-LENGTH DATA ELEMENTS--GENERAL INFORMATION
fixed length control field 151202s9999||||xx |||||||||||||| ||und||
082 ## - DEWEY DECIMAL CLASSIFICATION NUMBER
Item number PNVM-71410
100 ## - MAIN ENTRY--PERSONAL NAME
Personal name ROBERTS NORA.
245 ## - TITLE STATEMENT
Title Black Rose.
260 ## - PUBLICATION, DISTRIBUTION, ETC. (IMPRINT)
Name of publisher, distributor, etc "JOVE BOOKS ,NEW YORK."
260 ## - PUBLICATION, DISTRIBUTION, ETC. (IMPRINT)
Date of publication, distribution, etc 2005
300 ## - PHYSICAL DESCRIPTION
Extent 370
600 ## - SUBJECT ADDED ENTRY--PERSONAL NAME
Personal name ROBERTS NORA.
630 ## - SUBJECT ADDED ENTRY--UNIFORM TITLE
Uniform title Black Rose.
700 ## - ADDED ENTRY--PERSONAL NAME
Personal name ROBERTS NORA.
730 ## - ADDED ENTRY--UNIFORM TITLE
Uniform title Black Rose.
942 ## - ADDED ENTRY ELEMENTS (KOHA)
Koha item type Book

No items available.